000 00543nam a2200193Ia 4500
005 20250508160755.0
008 008 250505s9999 xx 000 0 eng d
020 _a0-07-054115-9
037 _aTextual
040 _aFEDL
_beng
_cFEDL
041 _aeng
_2eng
084 _a507, ROW
_qFEDL
100 _aRowe Mary Budd
_9140301
245 0 _aTeaching science as continuous inquiry
260 _aNew York, USA
_bMcGraw-Hill Book Company
_c1973
300 _axiii,591p
942 _cTEXL
_h507, ROW
999 _c1366538
_d1366538